00935nam a22002535a 4500008004100000020001800041020001500059040002800074082002100102100003200123245006200155250002500217260004600242300002900288500002400317500002600341650005000367650004800417651001000465653002600475942002100501999001700522952014200539150913r20142011ii a fr 001 0 eng d a9788189757175 a8189757172 aEG-ScBUEbengcEG-ScBUE04a005.453bPAN2221 aPandey, Adesh Kumar.93841410aFundamentals of compiler design /cby Adesh Kumar Pandey. 32nd ed., Reprint ed. aNew Delhi :bS. K. Kataria & Sons,c2014. a586 p. :bill. ;c24 cm. aIndex : p. 581-586. aReprinted of 2011 ed. 7aComputer softwarexDevelopment.2BUEsh911535 7aCompilers (Computer programs)2BUEsh913036 2BUEsh bCOMSCIcSeptember2015 2ddck005.453 PAN c20856d20828 00102ddc40708BaccahaMAINbMAINcLOWd2015-09-13ePurchaseg155.00h21759l0o005.453 PANp000039573r2025-07-15 00:00:00v194.00yBB